|
|
|
|
| LEADER |
00000nam a2200000Ii 4500 |
| 001 |
DIGUNINOR0054 |
| 003 |
NyNyDIG |
| 006 |
m o d |
| 007 |
cr ||||||||||| |
| 008 |
130701s2012 ck a ob 000 0 spa d |
| 020 |
|
|
|z 9789587412192
|
| 020 |
|
|
|z 9587412192
|
| 035 |
|
|
|a (OCoLC)823655797
|
| 040 |
|
|
|a DGITA
|b eng
|e pn
|c DGITA
|
| 043 |
|
|
|a s-ck---
|
| 050 |
1 |
4 |
|a KHH3350 eBook
|
| 100 |
1 |
|
|a Velásquez Muñoz, Carlos Javier.
|
| 245 |
1 |
0 |
|a Ciudad y desarrollo sostenible /
|c Carlos Javier Velásquez Muñoz.
|
| 264 |
|
1 |
|a Barranquilla, Colombia :
|b Editorial Universidad del Norte;
|a Bogota :
|a Ecoe Ediciones,
|c 2012.
|
| 300 |
|
|
|a 1 online resource (156 p. + 1 pages) :
|b ill.
|
| 336 |
|
|
|a text
|b txt
|2 rdacontent
|
| 337 |
|
|
|a computer
|b c
|2 rdamedia
|
| 338 |
|
|
|a online resource
|b cr
|2 rdacarrier
|
| 490 |
1 |
|
|a Colección Jurídica
|
| 504 |
|
|
|a Incluces bibliographical references (p. 146-[157]).
|
| 505 |
0 |
|
|a Presentación -- I. Teoría de la ciudad -- 1. La ciudad: distintas visiones en torno a su entendimiento -- 2. Las nuevas formas de organización de la ciudad -- 3. La complejidad del fenómeno urbano y los problemas ambientales urbanos globales -- II. Teoría del desarrollo y su incidencia en las ciudades -- 1. Qué es y para qué sirve el desarrollo: evolución y significado -- 2. Tipos de desarrollo -- 3. El desarrollo humano sostenible -- III El desarrollo urbano sostenible -- 1. El desarrollo urbano sostenible y la gestión ambiental urbana -- 2. ¿Es posible la sostenibilidad en las ciudades?: La ciudad sostenible -- 3. ¿Cómo va el desarrollo urbano sostenible en Colombia? -- 4. Instrumentos de la política de desarrollo urbano en Colombia -- 5. El desarrollo urbano sostenible en los planes nacionales de desarrollo -- Conclusiones - Referencias.
|
| 650 |
|
0 |
|a City planning and redevelopment law
|z Colombia.
|
| 650 |
|
0 |
|a Sustainable development
|x Law and legislation
|z Colombia.
|
| 650 |
|
0 |
|a Environmental law
|z Colombia.
|
| 655 |
|
0 |
|a Electronic books.
|
| 791 |
2 |
|
|a Digitalia (Firm),
|e distributor.
|
| 830 |
|
0 |
|a Colección Jurídica (Ediciones Uninorte).
|
| 793 |
0 |
|
|g Digitalia eBook Collection:
|a Ediciones Uninorte.
|
| 856 |
4 |
0 |
|3 Digitalia Hispánica
|u https://www.digitaliapublishing.com/a/17362/
|
| 910 |
|
|
|a Premium Collection: 2007-2012
|